000 00438pab a2200169 454500
008 180718b1999 xxu||||| |||| 00| 0 eng d
100 _aMurty, G.R.K.
245 _aAsset-liability management: implementation challenges in banks
260 _c1999
300 _ap.56-63
362 _aSep
650 _aAsset liability management
650 _aManagement
650 _aBanks
773 _aASCI Journal of Management
909 _a45874
999 _c45874
_d45874